Լուդովիկոս ԺԶ / : (Record no. 119914)
[ view plain ]
| 000 -LEADER | |
|---|---|
| fixed length control field | 00673nam a2200193 a 4500 |
| 001 - CONTROL NUMBER | |
| control field | 000322316 |
| 003 - CONTROL NUMBER IDENTIFIER | |
| control field | AM-YeHGA |
| 005 - DATE AND TIME OF LATEST TRANSACTION | |
| control field | 20250618072034.0 |
| 008 - FIXED-LENGTH DATA ELEMENTS--GENERAL INFORMATION | |
| fixed length control field | 040329s1861 it r 000 0 arm d |
| 040 ## - CATALOGING SOURCE | |
| Original cataloging agency | AM-YeHGA |
| 041 0# - LANGUAGE CODE | |
| Language code of text/sound track or separate title | arm |
| 090 ## - LOCALLY ASSIGNED LC-TYPE CALL NUMBER (OCLC); LOCAL CALL NUMBER (RLIN) | |
| -- | 121265 |
| 245 10 - TITLE STATEMENT | |
| Title | Լուդովիկոս ԺԶ / : |
| Remainder of title | Աղէտք թագաւորական ընտանեաց / |
| Statement of responsibility, etc. | Հ. Գրիգոր Վ. Ճէլալ. |
| 260 ## - PUBLICATION, DISTRIBUTION, ETC. | |
| Place of publication, distribution, etc. | Վենետիկ : |
| Name of publisher, distributor, etc. | Ս. Ղազար, |
| Date of publication, distribution, etc. | 1861. |
| 300 ## - PHYSICAL DESCRIPTION | |
| Extent | 304 էջ : |
| Other physical details | 2 ներդ. թ. լուսանկ. ; |
| Dimensions | 18 սմ. |
| 500 ## - GENERAL NOTE | |
| General note | Նաև՝ Ճէլալեան Գրիգոր |
| 600 04 - SUBJECT ADDED ENTRY--PERSONAL NAME | |
| Personal name | Լյուդովիկոս ԺԶ |
| 650 14 - SUBJECT ADDED ENTRY--TOPICAL TERM | |
| Topical term or geographic name entry element | Պատմություն |
| Geographic subdivision | Ֆրանսիա |
| 9 (RLIN) | 4646 |
| Withdrawn status | Lost status | Damaged status | Not for loan | Collection | Home library | Current library | Date acquired | Total checkouts | Full call number | Barcode | Date last seen | Price effective from | Koha item type | Public note |
|---|---|---|---|---|---|---|---|---|---|---|---|---|---|---|
| General | Fundamental Scientific Library | Fundamental Scientific Library | 22/12/2016 | AII/32544 | 220032544 | 22/12/2016 | 22/12/2016 | Գրքեր / Books | 30 Days Loan |
ՀՀ Գիտությունների ազգային ակադեմիայի հիմնարար գիտական գրադարան = Fundamental Scientific Library of NAS RA
All site content, except where otherwise noted, is licensed under a